| 000 | 00639nam a2200145 a 4500 | ||
|---|---|---|---|
| 008 | 081202s1983 ||||||||||||||||| || u | ||
| 050 | _aGOV.ZAM(058)IPD/1981 | ||
| 110 | _aGovernment of the Republic of Zambia (GRZ) | ||
| 245 | 1 | 0 |
_aDepartment of Industrial Participatory Democracy annual report 1981 _cOffice of the Prime Minister |
| 260 |
_aLusaka _bGovernment Printer _c1983 |
||
| 300 | _a6p. | ||
| 350 | _a0.00 | ||
| 650 | _aPARTICIPATORY DEMOCRACY--ANNUAL REPORTS--ZAMBIA | ||
| 995 |
_D0.00 _FCBU-MAIN LIBRARY (Kitwe) _H1 _I0.00 _M1 _UAVAILABLE _WDec 2, 2008 _ZZambiana Collection |
||
| 999 |
_c39620 _d39620 |
||